Normal view
MARC view
- Liaqat Mehreen
Entry Personal Name
001 - CONTROL NUMBER
- control field: 24461
003 - CONTROL NUMBER IDENTIFIER
- control field: NUST
005 - DATE AND TIME OF LATEST TRANSACTION
- control field: 20191021121404.0
008 - FIXED-LENGTH DATA ELEMENTS
- fixed length control field: 191021|| aca||aabn | a|a d
040 ## - CATALOGING SOURCE
- Original cataloging agency: NUST
- Transcribing agency: NUST
100 ## - HEADING--PERSONAL NAME
- Personal name: Liaqat Mehreen
670 ## - SOURCE DATA FOUND
- Source citation: Work cat.: (NUST): Liaqat Mehreen, MS/Thesis:Combined Ligand and Structure Based Studies to Design Potential Modulators of Insulin like Growth Factor 1 Receptor (IGF-1R) in Breast Cancer, 2019
